000 00457cam a2200193ua 4500
001 10343
008 180503n ii |||gr||||Z||||||eng
020 _a9780074604007
040 _cMAIN
041 _aeng
082 _a621.381
100 _aBartee, Thomas C.,
_eAuthor.
245 _aDigital computer fundamentals
250 _a6th ed.
260 _aNew Delhi:
_bTata McGraw Hill,
_c2009.
300 _a610p.
653 _aApplied physics
942 _cBK
999 _c9333
_d9333